[Event "HUN-chT2 Breyer 1718"]
[Site "Hungary"]
[Date "2017.12.17"]
[Round "6.7"]
[White "Fekete, Jozsef"]
[Black "Nadi, Ferenc"]
[Result "1/2-1/2"]
[WhiteElo "2156"]
[BlackElo "1997"]
[PlyCount "91"]
[EventDate "2017.09.24"]
[EventType "team-tourn"]
[EventRounds "11"]
[EventCountry "HUN"]
[SourceTitle "EXT 2021"]
[Source "ChessBase"]
[SourceDate "2020.10.23"]
[SourceVersion "1"]
[SourceVersionDate "2020.10.23"]
[SourceQuality "1"]
[WhiteTeam "Biatorbagy"]
[BlackTeam "Szekesfehervar"]
[WhiteTeamCountry "HUN"]
[BlackTeamCountry "HUN"]

1. d4 d5 2. Nf3 Nf6 3. Bf4 c5 4. e3 Nc6 5. c3 Qb6 6. Qc1 Bf5 7. Be2 e6 8. 0-0 Be7 9. Nbd2 Rc8 10. dxc5 Bxc5 11. Nb3 Be7 12. Rd1 0-0 13. Nbd4 Nxd4 14. exd4 Rfd8 15. Ne5 Nd7 16. Nd3 Bd6 17. Bg5 Re8 18. Bf3 Qc7 19. g3 h6 20. Bf4 Bxf4 21. Nxf4 Nf6 22. Qe3 Qb6 23. Rd2 Ne4 24. Bxe4 Bxe4 25. Re1 Qc6 26. f3 Bf5 27. Qe5 f6 28. Qe3 e5 29. Ng2 e4 30. Qf4 exf3 31. Qxf5 fxg2 32. Rde2 Kf8 33. Kxg2 Rxe2+ 34. Rxe2 Re8 35. Rxe8+ Kxe8 36. h4 Qd7 37. Qf4 Kf7 38. h5 Qb5 39. Qd2 Qd7 40. Qe2 a6 41. g4 f5 42. Qf3 Kf6 43. a4 b5 44. axb5 axb5 45. Qf4 Qe6 46. Kf2 1/2-1/2

[Event "HUN-chT2 Breyer 1617"]
[Site "Hungary"]
[Date "2017.03.12"]
[Round "8.8"]
[White "Fekete, Jozsef"]
[Black "Dekany, Lajos"]
[Result "1-0"]
[WhiteElo "2156"]
[BlackElo "2022"]
[PlyCount "117"]
[EventDate "2016.10.30"]
[EventType "team-tourn"]
[EventRounds "9"]
[EventCountry "HUN"]
[SourceTitle "EXT 2021"]
[Source "ChessBase"]
[SourceDate "2020.10.23"]
[SourceVersion "1"]
[SourceVersionDate "2020.10.23"]
[SourceQuality "1"]
[WhiteTeam "Biatorbagy"]
[BlackTeam "Kisber Aszar"]
[WhiteTeamCountry "HUN"]
[BlackTeamCountry "HUN"]

1. d4 e6 2. Nf3 c5 3. e3 Nf6 4. Bd3 Nc6 5. 0-0 Qc7 6. c3 d5 7. Nbd2 Be7 8. Qe2 0-0 9. dxc5 Bxc5 10. e4 dxe4 11. Nxe4 Nxe4 12. Qxe4 f5 13. Qc4 Na5 14. Qh4 Be7 15. Bg5 Bxg5 16. Nxg5 h6 17. Nf3 Bd7 18. Rfe1 Rae8 19. Ne5 Bc8 20. Re3 a6 21. Rae1 b5 22. Rg3 Kh7 23. Qh5 Nc4 24. Nxc4 bxc4 25. Bxc4 Re7 26. Bf1 e5 27. Qg6+ Kh8 28. Rd3 Rf6 29. Qh5 f4 30. Qd1 e4 31. Rd8+ Kh7 32. Rd4 Bf5 33. Bc4 f3 34. g3 e3 35. Bd3 exf2+ 36. Kxf2 Rxe1 37. Qxe1 Bxd3 38. Rxd3 Qb6+ 39. Kf1 f2 40. Qe4+ Kg8 41. Rd2 Qb5+ 42. c4 Qb6 43. Qd5+ Kh7 44. Qd3+ g6 45. Qd7+ Kg8 46. Qd8+ Qxd8 47. Rxd8+ Kf7 48. Rd2 Ke7 49. Rxf2 Rc6 50. b3 Ke6 51. Re2+ Kd6 52. Kf2 Kc5 53. Ke3 Kb4 54. Kd3 Ka3 55. Kc3 Rf6 56. c5 a5 57. Kc4 g5 58. Kb5 Rf5 59. Kb6 1-0

[Event "HUN-chT2 Breyer 1516"]
[Site "Hungary"]
[Date "2016.04.03"]
[Round "10.8"]
[White "Dibusz, Ferenc"]
[Black "Fekete, Jozsef"]
[Result "0-1"]
[WhiteElo "2115"]
[BlackElo "2168"]
[PlyCount "120"]
[EventDate "2015.09.13"]
[EventType "team-tourn"]
[EventRounds "11"]
[EventCountry "HUN"]
[SourceTitle "EXT 2017"]
[Source "ChessBase"]
[SourceDate "2016.10.25"]
[SourceVersion "1"]
[SourceVersionDate "2016.10.25"]
[SourceQuality "1"]
[WhiteTeam "Naszaly Geniusz Tata"]
[BlackTeam "Biatorbagy"]
[WhiteTeamCountry "HUN"]
[BlackTeamCountry "HUN"]

1. b3 e5 2. Bb2 Nc6 3. e3 Nf6 4. c4 Be7 5. Be2 0-0 6. Nf3 e4 7. Nd4 Nxd4 8. exd4 d5 9. 0-0 Bf5 10. d3 Re8 11. dxe4 Nxe4 12. Nc3 Nxc3 13. Bxc3 Bf6 14. Rc1 Qd7 15. cxd5 Be4 16. Re1 Bxd5 17. Qd2 Qf5 18. Qd3 Be4 19. Qg3 Bg5 20. Bg4 Qd5 21. f3 Bf5 22. f4 Bf6 23. Bxf5 Qxf5 24. Rxe8+ Rxe8 25. Re1 Re4 26. h3 g6 27. Rxe4 Qxe4 28. d5 Bxc3 29. Qxc3 Qxf4 30. Qc5 a6 31. Qa7 Qb4 32. Qb8+ Kg7 33. Kh1 Qe1+ 34. Kh2 Qe5+ 35. Kg1 b6 36. Qb7 a5 37. a3 Kf6 38. Qc6+ Qd6 39. Qc3+ Ke7 40. b4 axb4 41. axb4 Kd7 42. Qc4 h5 43. Kf2 g5 44. Qb5+ Ke7 45. Kg1 Qe5 46. Qc4 f5 47. b5 g4 48. hxg4 hxg4 49. Kf1 Kf6 50. Qc6+ Kg5 51. Qd7 g3 52. Qf7 Kf4 53. Qe6 Ke4 54. Ke2 Kd4+ 55. Kd2 Qxd5 56. Qe3+ Kc4+ 57. Kc1 Qxg2 58. Qf4+ Kxb5 59. Qxf5+ Ka6 60. Qc8+ Qb7 0-1

[Event "HUN-chT2 Breyer 1516"]
[Site "Hungary"]
[Date "2016.03.20"]
[Round "9.9"]
[White "Szendeff, Miklos"]
[Black "Fekete, Jozsef"]
[Result "1-0"]
[WhiteElo "1807"]
[BlackElo "2168"]
[PlyCount "58"]
[EventDate "2015.09.13"]
[EventType "team-tourn"]
[EventRounds "11"]
[EventCountry "HUN"]
[SourceTitle "EXT 2017"]
[Source "ChessBase"]
[SourceDate "2016.10.25"]
[SourceVersion "1"]
[SourceVersionDate "2016.10.25"]
[SourceQuality "1"]
[WhiteTeam "Zsambek"]
[BlackTeam "Biatorbagy"]
[WhiteTeamCountry "HUN"]
[BlackTeamCountry "HUN"]

1. e4 d6 2. d4 g6 3. c4 Bg7 4. Nc3 Nc6 5. Be3 e5 6. d5 Nce7 7. Qd2 f5 8. f3 Nf6 9. Bd3 0-0 10. Bh6 Bxh6 11. Qxh6 c6 12. 0-0-0 cxd5 13. cxd5 Bd7 14. Kb1 b5 15. h4 b4 16. Nce2 Qb6 17. Nh3 Ba4 18. Rc1 Bb5 19. Bxb5 Qxb5 20. Rc7 Rae8 21. h5 Qb6 22. Rhc1 gxh5 23. Ng3 Rf7 24. Nxh5 Nxh5 25. Qxh5 Qb8 26. Ng5 Rg7 27. exf5 Nxf5 28. Rxg7+ Kxg7 29. Qxh7+ Kf6 1-0

[Event "HUN-chT2 Breyer 1516"]
[Site "Hungary"]
[Date "2016.02.28"]
[Round "8.8"]
[White "Egeto, Janos Lehel"]
[Black "Fekete, Jozsef"]
[Result "1-0"]
[WhiteElo "1940"]
[BlackElo "2168"]
[PlyCount "59"]
[EventDate "2015.09.13"]
[EventType "team-tourn"]
[EventRounds "11"]
[EventCountry "HUN"]
[SourceTitle "EXT 2017"]
[Source "ChessBase"]
[SourceDate "2016.10.25"]
[SourceVersion "1"]
[SourceVersionDate "2016.10.25"]
[SourceQuality "1"]
[WhiteTeam "Kobanya Aquarena"]
[BlackTeam "Biatorbagy"]
[WhiteTeamCountry "HUN"]
[BlackTeamCountry "HUN"]

1. d4 d6 2. Nf3 Bg4 3. c4 Nd7 4. Nc3 g6 5. Nd2 e5 6. d5 Nc5 7. Qc2 a5 8. b3 Bg7 9. e4 Ne7 10. h3 Bd7 11. Be2 0-0 12. 0-0 f5 13. a3 f4 14. Bb2 g5 15. b4 axb4 16. axb4 Rxa1 17. Rxa1 Na6 18. Ba3 Ng6 19. c5 Qf6 20. c6 Bc8 21. cxb7 Bxb7 22. Qa4 Ra8 23. Qb5 Ra7 24. Bb2 Qd8 25. Nc4 Bc8 26. Na5 Ne7 27. Nc6 Nxc6 28. dxc6 Qe8 29. Nd5 Ra8 30. Qc4 1-0

[Event "HUN-chT2 Charousek 1415"]
[Site "Hungary"]
[Date "2014.11.30"]
[Round "3"]
[White "Horvath, Tamas"]
[Black "Fekete, Jozsef"]
[Result "1-0"]
[WhiteElo "2386"]
[BlackElo "2200"]
[PlyCount "53"]
[EventDate "2014.10.12"]
[EventType "team-tourn"]
[EventRounds "9"]
[EventCountry "HUN"]
[SourceTitle "EXT 2016"]
[Source "ChessBase"]
[SourceDate "2015.10.08"]
[SourceVersion "1"]
[SourceVersionDate "2015.10.08"]
[SourceQuality "1"]
[WhiteTeam "Csuti"]
[BlackTeam "Biatorbagy"]
[WhiteTeamCountry "HUN"]
[BlackTeamCountry "HUN"]

1. e4 d6 2. d4 g6 3. Nc3 Bg7 4. Bg5 c6 5. Qd2 b5 6. f4 h6 7. Bh4 b4 8. Nd1 Qb6 9. Nf3 Nf6 10. Bd3 Bg4 11. 0-0 Bxf3 12. gxf3 Nh5 13. c3 e5 14. fxe5 dxe5 15. cxb4 Qxd4+ 16. Ne3 0-0 17. Rad1 Nf4 18. Kh1 Nxd3 19. Qxd3 Qxb4 20. Rf2 Qb5 21. Qxb5 cxb5 22. Rc2 Na6 23. Nd5 g5 24. Bf2 Rfd8 25. a3 Bf8 26. Rc6 Rd6 27. Rxd6 1-0

[Event "HUN-chT2 Breyer 1314"]
[Site "Hungary"]
[Date "2014.03.23"]
[Round "7"]
[White "Fekete, Jozsef"]
[Black "Horeczky, Tibor"]
[Result "1-0"]
[WhiteElo "2191"]
[BlackElo "2188"]
[PlyCount "68"]
[EventDate "2013.09.08"]
[EventType "team-tourn"]
[EventRounds "9"]
[EventCountry "HUN"]
[SourceTitle "EXT 2016"]
[Source "ChessBase"]
[SourceDate "2015.10.08"]
[SourceVersion "1"]
[SourceVersionDate "2015.10.08"]
[SourceQuality "1"]
[WhiteTeam "Biatorbagy"]
[BlackTeam "Szazhalombatta"]
[WhiteTeamCountry "HUN"]
[BlackTeamCountry "HUN"]

1. d4 Nf6 2. Bg5 e6 3. e3 c5 4. Nd2 b6 5. Ngf3 Bb7 6. Bd3 Be7 7. 0-0 0-0 8. Qe2 d5 9. c3 Nbd7 10. Rad1 h6 11. Bf4 c4 12. Bb1 b5 13. Ne5 a5 14. Nxd7 Qxd7 15. Nf3 Qd8 16. Ne5 Re8 17. Qc2 Bf8 18. Ng4 g6 19. Nxh6+ Kg7 20. Nxf7 Kxf7 21. Qxg6+ Ke7 22. Bg5 Kd6 23. Bxf6 Qd7 24. f4 Be7 25. Be5+ Kc6 26. f5 Bd6 27. e4 Rg8 28. Qxe6 Qxe6 29. fxe6 Bxe5 30. dxe5 Kc5 31. Rf7 Bc6 32. Rd4 Rg5 33. exd5 Bxd5 34. Be4 Rxe5 1-0

[Event "HUN-chT2 Breyer 1314"]
[Site "Hungary"]
[Date "2014.03.02"]
[Round "6"]
[White "Fekete, Jozsef"]
[Black "Horvath, Istvan1111"]
[Result "1-0"]
[WhiteElo "2191"]
[BlackElo "2141"]
[PlyCount "101"]
[EventDate "2013.09.08"]
[EventType "team-tourn"]
[EventRounds "9"]
[EventCountry "HUN"]
[SourceTitle "EXT 2016"]
[Source "ChessBase"]
[SourceDate "2015.10.08"]
[SourceVersion "1"]
[SourceVersionDate "2015.10.08"]
[SourceQuality "1"]
[WhiteTeam "Biatorbagy"]
[BlackTeam "Zoltek"]
[WhiteTeamCountry "HUN"]
[BlackTeamCountry "HUN"]

1. d4 Nf6 2. Bg5 e6 3. e3 Be7 4. Bd3 d5 5. Nd2 Nbd7 6. f4 Ne4 7. Bxe4 Bxg5 8. fxg5 dxe4 9. Nxe4 b6 10. Qg4 Bb7 11. Nf3 0-0 12. 0-0 Qe7 13. Nfd2 Kh8 14. Qh5 f5 15. gxf6 gxf6 16. c3 f5 17. Ng3 Nf6 18. Qh4 Rg8 19. Qf4 Rad8 20. e4 Qg7 21. Rf2 Ng4 22. Re2 fxe4 23. Ndxe4 Rdf8 24. Qd2 a5 25. Rf1 Rxf1+ 26. Nxf1 Ba6 27. Re1 Rf8 28. Nfg3 Bb7 29. h3 Nf6 30. Qg5 Nxe4 31. Nxe4 Qf7 32. Qe5+ Kg8 33. Qg3+ Kh8 34. Qe5+ Kg8 35. Qg3+ Kh8 36. Ng5 Qg7 37. Qe5 Rf6 38. Re2 Bd5 39. Ne4 Rg6 40. Qxg7+ Kxg7 41. b3 Bxe4 42. Rxe4 Rg3 43. c4 Kf6 44. Rf4+ Kg6 45. Rf3 Rxf3 46. gxf3 Kg5 47. Kf2 h5 48. Ke3 Kh4 49. f4 c6 50. a4 Kxh3 51. d5 1-0

[Event "HUN-chT2 Breyer 1314"]
[Site "Hungary"]
[Date "2014.02.16"]
[Round "5"]
[White "Sallai, Kalman"]
[Black "Fekete, Jozsef"]
[Result "1/2-1/2"]
[WhiteElo "2161"]
[BlackElo "2191"]
[PlyCount "82"]
[EventDate "2013.09.08"]
[EventType "team-tourn"]
[EventRounds "9"]
[EventCountry "HUN"]
[SourceTitle "EXT 2016"]
[Source "ChessBase"]
[SourceDate "2015.10.08"]
[SourceVersion "1"]
[SourceVersionDate "2015.10.08"]
[SourceQuality "1"]
[WhiteTeam "Torokbalint"]
[BlackTeam "Biatorbagy"]
[WhiteTeamCountry "HUN"]
[BlackTeamCountry "HUN"]

1. e4 d6 2. d4 g6 3. f4 Bg7 4. c4 Nf6 5. Nc3 0-0 6. Nf3 c5 7. d5 e6 8. dxe6 fxe6 9. Bd3 Nc6 10. 0-0 Nd4 11. Ne2 Nxe2+ 12. Qxe2 Nh5 13. Ng5 e5 14. f5 Nf4 15. Bxf4 exf4 16. Nh3 g5 17. g3 fxg3 18. hxg3 Qf6 19. Rab1 Bd7 20. Nf2 Rae8 21. Qg4 Re7 22. Kh2 Bc6 23. b3 Qh6+ 24. Qh3 Qxh3+ 25. Kxh3 Bd4 26. Rbe1 Rfe8 27. Kg4 Bf6 28. Kf3 h5 29. g4 h4 30. Re2 Rh7 31. Nh3 Kf7 32. Bb1 Rg7 33. Nf2 Bd4 34. Nd1 Kf6 35. Ne3 Bxe3 36. Rxe3 h3 37. Kg3 Rh7 38. Kh2 Rh4 39. Rg1 Reh8 40. Rgg3 Ke5 41. Bc2 b5 1/2-1/2

[Event "HUN-chT2 Breyer 1213"]
[Site "Hungary"]
[Date "2013.03.03"]
[Round "8.4"]
[White "Nadi, Ferenc"]
[Black "Fekete, Jozsef"]
[Result "0-1"]
[WhiteElo "2084"]
[BlackElo "2198"]
[PlyCount "102"]
[EventDate "2012.09.16"]
[EventType "team-tourn"]
[EventRounds "11"]
[EventCountry "HUN"]
[SourceTitle "EXT 2014"]
[Source "ChessBase"]
[SourceDate "2013.11.20"]
[SourceVersion "1"]
[SourceVersionDate "2013.11.20"]
[SourceQuality "1"]
[WhiteTeam "MAV Elore"]
[BlackTeam "Biatorbagy"]
[WhiteTeamCountry "HUN"]
[BlackTeamCountry "HUN"]

1. d4 d6 2. e4 g6 3. Nc3 Bg7 4. Nf3 Bg4 5. Be2 Nc6 6. Be3 Nf6 7. 0-0 0-0 8. Qd2 e5 9. dxe5 dxe5 10. Rad1 a6 11. a4 Qe7 12. Nd5 Nxd5 13. Qxd5 Rfd8 14. Qc5 Bf8 15. Qxe7 Bxe7 16. Rxd8+ Rxd8 17. Rd1 Rxd1+ 18. Bxd1 f6 19. h3 Be6 20. Be2 Na5 21. Nd2 Kf7 22. Kf1 Bd7 23. Nc4 Nc6 24. c3 a5 25. Nd2 Bd6 26. Bc4+ Ke7 27. Ke2 Nd8 28. Bb3 b6 29. Nc4 Nb7 30. Nxd6 Kxd6 31. Bc2 Nc5 32. b3 Be6 33. Bxc5+ Kxc5 34. Ke3 c6 35. Kd2 b5 36. axb5 cxb5 37. Bd1 Bd7 38. h4 Bc6 39. Bc2 a4 40. Kd3 f5 41. f3 Bd7 42. g3 a3 43. b4+ Kd6 44. Bb3 h5 45. Kc2 f4 46. gxf4 exf4 47. Bf7 g5 48. hxg5 h4 49. g6 Ke7 50. e5 Bf5+ 51. Kb3 h3 0-1

[Event "HUN-chT2 Breyer 1112"]
[Site "Hungary"]
[Date "2012.04.22"]
[Round "9.3"]
[White "Fekete, Jozsef"]
[Black "Balog, Tamas"]
[Result "1-0"]
[WhiteElo "2184"]
[BlackElo "2106"]
[PlyCount "79"]
[EventDate "2011.09.25"]
[EventType "team-tourn"]
[EventRounds "11"]
[EventCountry "HUN"]
[SourceTitle "EXT 2013"]
[Source "ChessBase"]
[SourceDate "2012.11.22"]
[SourceVersion "1"]
[SourceVersionDate "2012.11.22"]
[SourceQuality "1"]
[WhiteTeam "Biatorbagy"]
[BlackTeam "Zsambek"]
[WhiteTeamCountry "HUN"]
[BlackTeamCountry "HUN"]

1. d4 d5 2. Nf3 c5 3. e3 Nc6 4. c3 Nf6 5. dxc5 a5 6. Bb5 e6 7. Ne5 Bd7 8. Bxc6 Bxc6 9. Nxc6 bxc6 10. b4 Ne4 11. Qa4 Qc8 12. Qc2 Qb8 13. a3 Qb5 14. Qe2 a4 15. Bb2 Rb8 16. c4 dxc4 17. 0-0 Nxc5 18. Nc3 Qb7 19. bxc5 Qxb2 20. Rab1 Qxc3 21. Rxb8+ Ke7 22. Rb7+ Kf6 23. Qf3+ Kg6 24. Qxf7+ Kh6 25. Qxe6+ Qf6 26. Qxc4 Be7 27. Rd1 Rf8 28. f3 Qe5 29. Rxe7 Qxe7 30. Rd6+ g6 31. e4 Qg5 32. Kf2 Qh4+ 33. Kf1 Qxh2 34. Qc1+ Rf4 35. Kf2 Qh4+ 36. Kg1 Kh5 37. Qe3 Qg5 38. Rxc6 Qe5 39. Rd6 Qg5 40. Rd5 1-0

[Event "HUN-chT2 Breyer 1112"]
[Site "Hungary"]
[Date "2012.03.11"]
[Round "7.2"]
[White "Gal, Lajos"]
[Black "Fekete, Jozsef"]
[Result "0-1"]
[WhiteElo "2051"]
[BlackElo "2184"]
[PlyCount "110"]
[EventDate "2011.09.25"]
[EventType "team-tourn"]
[EventRounds "11"]
[EventCountry "HUN"]
[SourceTitle "EXT 2013"]
[Source "ChessBase"]
[SourceDate "2012.11.22"]
[SourceVersion "1"]
[SourceVersionDate "2012.11.22"]
[SourceQuality "1"]
[WhiteTeam "Zoltek"]
[BlackTeam "Biatorbagy"]
[WhiteTeamCountry "HUN"]
[BlackTeamCountry "HUN"]

1. f4 d6 2. e4 g6 3. c4 c5 4. Nf3 Bg7 5. Nc3 Nc6 6. Be2 e6 7. 0-0 Nge7 8. d3 0-0 9. Be3 Nd4 10. Rb1 b6 11. Qd2 Bb7 12. Bd1 Nec6 13. a3 Nxf3+ 14. Bxf3 Nd4 15. Bxd4 Bxd4+ 16. Kh1 f5 17. Rbe1 Bxc3 18. bxc3 fxe4 19. dxe4 Qe7 20. e5 Bxf3 21. Rxf3 dxe5 22. Rxe5 Rad8 23. Qe2 Rf6 24. h3 Qd6 25. Kh2 Kf7 26. Qe4 Qd2 27. Re3 Re8 28. Rd5 Qf2 29. Rd7+ Re7 30. Rf3 Qa2 31. Qb7 Rxd7 32. Qxd7+ Kg8 33. Qe7 Rf7 34. Qxe6 Qxa3 35. Rd3 Qc1 36. Qe5 Qxf4+ 37. Qxf4 Rxf4 38. Rd8+ Kg7 39. Rd7+ Rf7 40. Rd6 Kf8 41. Kg3 Ke8 42. Kg4 Rd7 43. Re6+ Re7 44. Rc6 Re4+ 45. Kg5 Rxc4 46. Rc7 Rxc3 47. g4 Rxh3 48. Rxa7 b5 49. Ra5 Rb3 50. Kh6 c4 51. Kxh7 c3 52. Ra1 c2 53. Rc1 Rc3 54. Kxg6 b4 55. Re1+ Kd8 0-1

[Event "HUN-chT2 Breyer 1112"]
[Site "Hungary"]
[Date "2012.02.19"]
[Round "6.3"]
[White "Dupsky, Laszlo"]
[Black "Fekete, Jozsef"]
[Result "0-1"]
[WhiteElo "2280"]
[BlackElo "2184"]
[PlyCount "102"]
[EventDate "2011.09.25"]
[EventType "team-tourn"]
[EventRounds "11"]
[EventCountry "HUN"]
[SourceTitle "EXT 2013"]
[Source "ChessBase"]
[SourceDate "2012.11.22"]
[SourceVersion "1"]
[SourceVersionDate "2012.11.22"]
[SourceQuality "1"]
[WhiteTeam "Torokbalint"]
[BlackTeam "Biatorbagy"]
[WhiteTeamCountry "HUN"]
[BlackTeamCountry "HUN"]

1. d4 d6 2. Nf3 Bg4 3. Qd3 c6 4. Ng5 e6 5. e4 Be7 6. f4 h6 7. Nf3 Nf6 8. h3 Bxf3 9. Qxf3 Nbd7 10. e5 Nd5 11. c4 Nb4 12. Qb3 c5 13. dxc5 dxc5 14. Be2 Nb6 15. Na3 0-0 16. 0-0 Nc6 17. Nc2 f6 18. Bg4 fxe5 19. Bxe6+ Kh8 20. Qg3 Bd6 21. f5 Qf6 22. h4 Be7 23. Be3 Nd4 24. Nxd4 cxd4 25. Bf2 Rad8 26. Rae1 Bd6 27. Qg4 Qe7 28. Bg3 Nd7 29. h5 Nf6 30. Qg6 e4 31. Bh4 e3 32. Kh1 Bc5 33. g4 Qe8 34. g5 Qc6+ 35. Kh2 Qe4 36. Bg3 hxg5 37. Qxg5 Qg4 38. Qxg4 Nxg4+ 39. Kh3 Nf6 40. Bf4 Kh7 41. h6 gxh6 42. Rg1 Nh5 43. Bxh6 Kxh6 44. Rg6+ Kh7 45. Rh1 Rf6 46. Bf7 Rxf7 47. Kg4 Rg7 48. Rxh5+ Kg8 49. Kg5 Be7+ 50. f6 Bxf6+ 51. Kxf6 Rd6+ 0-1

[Event "HUN-chT2 Breyer 1112"]
[Site "Hungary"]
[Date "2011.09.26"]
[Round "1.3"]
[White "Fekete, Jozsef"]
[Black "Zila, Laszlo"]
[Result "1/2-1/2"]
[WhiteElo "2184"]
[BlackElo "2279"]
[PlyCount "33"]
[EventDate "2011.09.25"]
[EventType "team-tourn"]
[EventRounds "11"]
[EventCountry "HUN"]
[SourceTitle "EXT 2013"]
[Source "ChessBase"]
[SourceDate "2012.11.22"]
[SourceVersion "1"]
[SourceVersionDate "2012.11.22"]
[SourceQuality "1"]
[WhiteTeam "Biatorbagy"]
[BlackTeam "Husi"]
[WhiteTeamCountry "HUN"]
[BlackTeamCountry "HUN"]

1. d4 Nf6 2. Bg5 g6 3. Nc3 d5 4. Qd2 c6 5. f3 Bg7 6. e4 dxe4 7. fxe4 0-0 8. Nf3 b5 9. a3 a6 10. Be2 Nbd7 11. Rd1 Nb6 12. 0-0 Ne8 13. Bh6 f6 14. Bxg7 Kxg7 15. Qf4 Nd6 16. b3 Nf7 17. Qe3 1/2-1/2

[Event "HUN-chT2 Breyer 1011"]
[Site "Hungary"]
[Date "2011.05.01"]
[Round "10.4"]
[White "Horvath, Csaba2222"]
[Black "Fekete, Jozsef"]
[Result "1/2-1/2"]
[WhiteElo "2201"]
[BlackElo "2182"]
[PlyCount "48"]
[EventDate "2010.09.12"]
[EventType "team-tourn"]
[EventRounds "11"]
[EventCountry "HUN"]
[SourceTitle "EXT 2012"]
[Source "ChessBase"]
[SourceDate "2011.11.24"]
[SourceVersion "1"]
[SourceVersionDate "2011.11.24"]
[SourceQuality "1"]
[WhiteTeam "Geniusz Tata"]
[BlackTeam "Biatorbagy"]
[WhiteTeamCountry "HUN"]
[BlackTeamCountry "HUN"]

1. e4 d6 2. d4 g6 3. Nc3 Bg7 4. Be3 a6 5. Nf3 Nf6 6. h3 0-0 7. Qd2 b5 8. Bd3 Bb7 9. a3 Nbd7 10. Bh6 c5 11. Bxg7 Kxg7 12. e5 Ne8 13. Be4 Qb6 14. dxc5 Nxc5 15. Bxb7 Nxb7 16. 0-0 dxe5 17. Nxe5 Nf6 18. Qe2 Rfd8 19. Rad1 Rxd1 20. Rxd1 Rd8 21. Re1 Rc8 22. Rd1 Rd8 23. Re1 Rc8 24. Rd1 Rd8 1/2-1/2

[Event "HUN-chT2 Breyer 1011"]
[Site "Hungary"]
[Date "2010.11.07"]
[Round "5.4"]
[White "Dudas, Janos"]
[Black "Fekete, Jozsef"]
[Result "1-0"]
[WhiteElo "2335"]
[BlackElo "2182"]
[PlyCount "181"]
[EventDate "2010.09.12"]
[EventType "team-tourn"]
[EventRounds "11"]
[EventCountry "HUN"]
[SourceTitle "EXT 2012"]
[Source "ChessBase"]
[SourceDate "2011.11.24"]
[SourceVersion "1"]
[SourceVersionDate "2011.11.24"]
[SourceQuality "1"]
[WhiteTeam "Torokbalint"]
[BlackTeam "Biatorbagy"]
[WhiteTeamCountry "HUN"]
[BlackTeamCountry "HUN"]

1. d4 d6 2. Nf3 Bg4 3. e4 Nf6 4. Nc3 Nbd7 5. e5 Ng8 6. h3 Bxf3 7. Qxf3 c6 8. Bf4 d5 9. e6 fxe6 10. Qe3 e5 11. Bxe5 Nxe5 12. Qxe5 Qd6 13. Qe3 g6 14. g3 Nh6 15. Bd3 Bg7 16. 0-0 0-0 17. Rae1 Rae8 18. f4 Qf6 19. Ne2 Nf5 20. Qf2 Nxd4 21. Nxd4 Qxd4 22. Qxd4 Bxd4+ 23. Kg2 Bxb2 24. Rb1 Bd4 25. Rxb7 e5 26. fxe5 Rxf1 27. Kxf1 Rxe5 28. Rb3 Bb6 29. g4 Kf7 30. Kg2 Kf6 31. h4 h6 32. Rb1 c5 33. Rf1+ Kg7 34. c4 d4 35. Rf3 Bd8 36. Rh3 Re1 37. h5 gxh5 38. Rxh5 Rd1 39. Be4 Rd2+ 40. Kf3 Bg5 41. a4 Kf6 42. Rh1 Ke5 43. Rb1 Ra2 44. Bd3 Rxa4 45. Rb5 Kd6 46. Rb8 Rb4 47. Ra8 Rb7 48. Be4 Rf7+ 49. Ke2 Ke5 50. Bd5 Re7 51. Rc8 Kf4+ 52. Kd1 Kxg4 53. Rxc5 h5 54. Ra5 h4 55. Kc2 h3 56. Kd3 Be3 57. c5 Kf4 58. c6 h2 59. Bh1 Kg3 60. Ra2 Bf4 61. Ra1 Kf2 62. Ra2+ Kg1 63. Ra1+ Kf2 64. Ra2+ Kf1 65. Kxd4 Re1 66. Bf3 Rc1 67. Kd5 Bb8 68. Rb2 Bc7 69. Ra2 Bb6 70. Rxh2 Rc5+ 71. Kd6 Rf5 72. Rh1+ Kf2 73. Bd5 Ke3 74. Rc1 Rg5 75. c7 Bxc7+ 76. Rxc7 a5 77. Ra7 Kd4 78. Rxa5 Rg6+ 79. Be6 Rh6 80. Ra4+ Kc3 81. Re4 Kd3 82. Rg4 Ke3 83. Ke5 Kd3 84. Rg3+ Kc2 85. Bd5 Rh8 86. Kd4 Rd8 87. Rg2+ Kb1 88. Kc4 Rc8+ 89. Kb3 Rb8+ 90. Kc3 Rc8+ 91. Bc4 1-0

[Event "HUN-chT2 Breyer 1011"]
[Site "Hungary"]
[Date "2010.09.26"]
[Round "2.2"]
[White "Fekete, Jozsef"]
[Black "Gal, Lajos"]
[Result "1/2-1/2"]
[WhiteElo "2182"]
[BlackElo "2115"]
[PlyCount "93"]
[EventDate "2010.09.12"]
[EventType "team-tourn"]
[EventRounds "11"]
[EventCountry "HUN"]
[SourceTitle "EXT 2012"]
[Source "ChessBase"]
[SourceDate "2011.11.24"]
[SourceVersion "1"]
[SourceVersionDate "2011.11.24"]
[SourceQuality "1"]
[WhiteTeam "Biatorbagy"]
[BlackTeam "Zoltek"]
[WhiteTeamCountry "HUN"]
[BlackTeamCountry "HUN"]

1. d4 f5 2. Bg5 Nf6 3. Bxf6 exf6 4. e3 d5 5. Bd3 c5 6. dxc5 Bxc5 7. Nc3 Nc6 8. Nge2 0-0 9. 0-0 a6 10. Qd2 Kh8 11. Rad1 d4 12. exd4 Nxd4 13. Ng3 b5 14. Nce2 g6 15. Qh6 Nxe2+ 16. Nxe2 Qe7 17. Nf4 Qg7 18. Qxg7+ Kxg7 19. c4 Bd6 20. Nd5 Be6 21. Be2 bxc4 22. Nb6 Rad8 23. Bxc4 Bxc4 24. Nxc4 Bc5 25. Rfe1 Rfe8 26. Kf1 Bb4 27. Nd2 Re5 28. Rxe5 fxe5 29. Ke2 Kf7 30. Nc4 Rxd1 31. Kxd1 Ke6 32. Ke2 g5 33. f3 Bc5 34. h3 h5 35. g4 hxg4 36. hxg4 e4 37. fxe4 fxe4 38. Ne3 Ke5 39. Ng2 Bd4 40. b3 Bc5 41. Kd2 Kd4 42. Ne3 Ke5 43. Ng2 Bb4+ 44. Ke2 Ba3 45. Kd2 Kd4 46. Ke2 Bc1 47. Kd1 1/2-1/2

[Event "HUN-chT2 Breyer 0910"]
[Site "Hungary"]
[Date "2010.02.14"]
[Round "6"]
[White "Fekete, Jozsef"]
[Black "Gal, Lajos"]
[Result "1/2-1/2"]
[WhiteElo "2125"]
[BlackElo "2123"]
[PlyCount "91"]
[EventDate "2009.11.08"]
[EventType "team-tourn"]
[EventRounds "11"]
[EventCountry "HUN"]
[SourceTitle "EXT 2011"]
[Source "ChessBase"]
[SourceDate "2010.11.26"]
[SourceVersion "1"]
[SourceVersionDate "2010.11.26"]
[SourceQuality "1"]
[WhiteTeam "Biatorbagy"]
[BlackTeam "Zoltek"]
[WhiteTeamCountry "HUN"]
[BlackTeamCountry "HUN"]

1. d4 Nf6 2. Bg5 Ne4 3. Bh4 c5 4. f3 Qa5+ 5. c3 Nf6 6. Bxf6 gxf6 7. d5 f5 8. Nd2 d6 9. e4 a6 10. a4 Bg7 11. Bd3 f4 12. Ne2 Bh6 13. 0-0 Nd7 14. Nc4 Qc7 15. Qe1 Bg5 16. Qc1 Ne5 17. Rd1 Qd8 18. a5 b5 19. axb6 Nxc4 20. Bxc4 Qxb6 21. Kh1 Rg8 22. Qc2 Bd7 23. e5 dxe5 24. Qxh7 Qg6 25. Qxg6 Rxg6 26. Ra5 Rb6 27. Nc1 Rxb2 28. Nd3 Rc2 29. Ra3 Bf5 30. Ne1 Rb2 31. Rxa6 Rxa6 32. Bxa6 e4 33. fxe4 Bxe4 34. Nf3 Bf6 35. c4 Kd7 36. Bb5+ Kd6 37. Re1 Rb1 38. Rxb1 Bxb1 39. Kg1 Bd3 40. Kf2 Bc3 41. Ng5 Bg6 42. Be8 f6 43. Bxg6 fxg5 44. Kf3 Ke5 45. Kg4 Bd2 46. Bd3 1/2-1/2